Comparative genetic mapping between duplicated segments on maize chromosomes 3 and 8 and homoeologus regions in sorghum and sugarcane (Record no. 55932)

MARC details
000 -LEADER
fixed length control field 00635nam a2200229Ia 4500
100 ## - MAIN ENTRY--AUTHOR NAME
Personal name Dufour P
245 #0 - TITLE STATEMENT
Title Comparative genetic mapping between duplicated segments on maize chromosomes 3 and 8 and homoeologus regions in sorghum and sugarcane
260 ## - PUBLICATION, DISTRIBUTION, ETC. (IMPRINT)
Name of publisher Theoretical and Applied Genetics
Year of publication 1996
300 ## - PHYSICAL DESCRIPTION
Number of Pages 1024-1030
650 ## - SUBJECT ADDED ENTRY--TOPICAL TERM
Topical Term Maize
650 ## - SUBJECT ADDED ENTRY--TOPICAL TERM
Topical Term RFLP
650 ## - SUBJECT ADDED ENTRY--TOPICAL TERM
Topical Term Sorghum
650 ## - SUBJECT ADDED ENTRY--TOPICAL TERM
Topical Term Synteny
700 ## - ADDED ENTRY--PERSONAL NAME
Personal name Deu M
700 ## - ADDED ENTRY--PERSONAL NAME
Personal name DHont A
700 ## - ADDED ENTRY--PERSONAL NAME
Personal name Glaszmann J C
700 ## - ADDED ENTRY--PERSONAL NAME
Personal name Grivet L
700 ## - ADDED ENTRY--PERSONAL NAME
Personal name Hamon P
700 ## - ADDED ENTRY--PERSONAL NAME
Personal name Trouche G
942 ## - ADDED ENTRY ELEMENTS (KOHA)
Koha item type Journals
650 ## - SUBJECT ADDED ENTRY--TOPICAL TERM
-- ugarcane
Holdings
Withdrawn status Lost status Damaged status Not for loan Home library Current library Shelving location Date acquired Serial Enumeration / chronology Koha item type
      Journals RRII Library RRII Library RFLP 17/12/2021 Volume 92, Issue 8 Journals